Entry Topical Term
Number of records used in: 1
001 - CONTROL NUMBER
003 - CONTROL NUMBER IDENTIFIER
005 - DATE AND TIME OF LATEST TRANSACTION
- control field:
20230415115847.0
008 - FIXED-LENGTH DATA ELEMENTS
- fixed length control field:
230415|| aca||aabn | a|a d
040 ## - CATALOGING SOURCE
- Original cataloging agency:
JRU
- Transcribing agency:
JRU
150 ## - HEADING--TOPICAL TERM
- Topical term or geographic name as entry element:
Agriculture
670 ## - SOURCE DATA FOUND
- Source citation:
Work cat.: (JRU)5059: SAI PRASAD, S.V. 7809, AGRI-FACTS OBJECTIVE PLANT PROTECTION:for ARS/NET/JRF/SRF/UPSC/SAUs EXAM